[Event "Titled Tuesday intern op 18th Apr Early"]
[Site "Chess.com INT"]
[Date "2023.04.18"]
[Round "2"]
[White "Camacho Collados, Jose"]
[Black "Grigorov, Grigor"]
[Result "0-1"]
[WhiteElo "2400"]
[BlackElo "2510"]
[PlyCount "114"]
[EventDate "2023.04.18"]
[EventType "swiss (blitz)"]
[EventRounds "11"]
[EventCountry "USA"]
[SourceTitle "EXT 2024"]
[Source "ChessBase"]
[SourceDate "2023.10.10"]
[SourceVersion "1"]
[SourceVersionDate "2023.10.10"]
[SourceQuality "1"]

1. d4 Nf6 2. Nf3 e6 3. Bg5 h6 4. Bxf6 Qxf6 5. e4 d6 6. Bd3 e5 7. c3 Nd7 8. 0-0 g6 9. a4 Bg7 10. Na3 0-0 11. Nb5 Qd8 12. a5 a6 13. Na3 exd4 14. cxd4 c5 15. Bc4 Qxa5 16. Nb5 Qb6 17. dxc5 dxc5 18. Nd6 Ne5 19. Nxe5 Bxe5 20. Nxf7 Rxf7 21. Qd5 Qc7 22. Rad1 Bd4 23. b4 Bg4 24. bxc5 Bxc5 25. Rb1 Rb8 26. h3 Bc8 27. e5 Kg7 28. Qxf7+ Qxf7 29. Bxf7 Kxf7 30. Rfc1 Bd4 31. Rc7+ Ke6 32. Rg7 Bxe5 33. Rxg6+ Kf7 34. Rxh6 Bf5 35. Re1 Bf6 36. g4 Bg6 37. f4 Kg7 38. g5 Bd4+ 39. Kg2 Rf8 40. Re7+ Rf7 41. Rxf7+ Kxf7 42. h4 a5 43. h5 Be4+ 44. Kg3 a4 45. g6+ Kf6 46. Rh7 a3 47. Re7 Kxe7 48. h6 Bxg6 49. Kg4 a2 50. Kg5 Bh7 51. f5 a1Q 52. f6+ Bxf6+ 53. Kf4 Qe5+ 54. Kf3 Qe4+ 55. Kf2 Bd4+ 56. Kf1 Qf3+ 57. Ke1 Bc3# 0-1

[Event "Titled Tuesday intern op 04th Apr Late"]
[Site "Chess.com INT"]
[Date "2023.04.04"]
[Round "2"]
[White "Drori, Saar"]
[Black "Grigorov, Grigor"]
[Result "0-1"]
[WhiteElo "2370"]
[BlackElo "2510"]
[PlyCount "48"]
[EventDate "2023.04.04"]
[EventType "swiss (blitz)"]
[EventRounds "11"]
[EventCountry "USA"]
[SourceTitle "EXT 2024"]
[Source "ChessBase"]
[SourceDate "2023.10.10"]
[SourceVersion "1"]
[SourceVersionDate "2023.10.10"]
[SourceQuality "1"]

1. e4 c6 2. Nc3 d5 3. Nf3 dxe4 4. Nxe4 Nf6 5. Qe2 Nxe4 6. Qxe4 Be6 7. b3 Nd7 8. Bb2 Nf6 9. Qh4 Bf5 10. Bc4 e6 11. 0-0-0 Be7 12. Qg3 0-0 13. h4 a5 14. Nd4 a4 15. Nxf5 exf5 16. h5 b5 17. h6 g6 18. Bd3 axb3 19. axb3 Ba3 20. Bxa3 Rxa3 21. Kb2 Qd4+ 22. c3 Qa7 23. Qe5 Ra2+ 24. Kc1 Qa3+ 0-1

[Event "Titled Tuesday intern op 07th Feb Late"]
[Site "Chess.com INT"]
[Date "2023.02.07"]
[Round "6"]
[White "Bortnyk, Olexandr"]
[Black "Grigorov, Grigor"]
[Result "1-0"]
[WhiteElo "2605"]
[BlackElo "2510"]
[PlyCount "43"]
[EventDate "2023.02.07"]
[EventType "swiss (blitz)"]
[EventRounds "11"]
[EventCountry "USA"]
[SourceTitle "EXT 2024"]
[Source "ChessBase"]
[SourceDate "2023.10.10"]
[SourceVersion "1"]
[SourceVersionDate "2023.10.10"]
[SourceQuality "1"]

1. d4 Nf6 2. Nc3 d5 3. Bf4 e6 4. Nb5 Bb4+ 5. c3 Ba5 6. a4 a6 7. b4 Bxb4 8. cxb4 axb5 9. axb5 Rxa1 10. Qxa1 Nh5 11. Bd2 Qd6 12. Nf3 0-0 13. e3 Nd7 14. Bd3 Nb6 15. 0-0 Nc4 16. Qc3 Bd7 17. Bxc4 dxc4 18. Qxc4 Qb6 19. Rc1 Rc8 20. Qc5 Qxb5 21. Qxb5 Bxb5 22. Rc5 1-0

[Event "Titled Tuesday intern op 07th Feb Late"]
[Site "Chess.com INT"]
[Date "2023.02.07"]
[Round "2"]
[White "Golubev, Mikhail"]
[Black "Grigorov, Grigor"]
[Result "0-1"]
[WhiteElo "2461"]
[BlackElo "2510"]
[PlyCount "94"]
[EventDate "2023.02.07"]
[EventType "swiss (blitz)"]
[EventRounds "11"]
[EventCountry "USA"]
[SourceTitle "EXT 2024"]
[Source "ChessBase"]
[SourceDate "2023.10.10"]
[SourceVersion "1"]
[SourceVersionDate "2023.10.10"]
[SourceQuality "1"]

1. e4 c6 2. d4 d5 3. Nc3 dxe4 4. Nxe4 Nf6 5. Nxf6+ exf6 6. c3 Bd6 7. Bd3 Na6 8. Ne2 Nc7 9. Qc2 h5 10. Bf4 Nd5 11. Bxd6 Qxd6 12. 0-0-0 Kf8 13. Kb1 g6 14. h4 b5 15. Be4 Be6 16. Rhe1 Kg7 17. g3 a5 18. Ka1 a4 19. Nc1 b4 20. cxb4 Nxb4 21. Qc5 Qb8 22. a3 Nd5 23. Bb1 Ra6 24. Ba2 Rb6 25. Rd2 Qb7 26. Nd3 Rb8 27. Qc1 Bf5 28. Nc5 Qa7 29. Bxd5 cxd5 30. Qc3 Rb5 31. Rde2 Qa8 32. Qe3 Qc6 33. Qf4 Qb6 34. Qd2 Rxc5 35. dxc5 Qxc5 36. Rc1 Qd6 37. Qf4 Qb6 38. f3 d4 39. g4 d3 40. Rd2 Be6 41. Qb4 Qa7 42. Qd6 Qb7 43. Qb4 Qa8 44. Qd6 Rb3 45. g5 Qxf3 46. gxf6+ Qxf6 47. Qc6 Rxa3+ 0-1

[Event "Titled Tuesday intern op 07th Feb Late"]
[Site "Chess.com INT"]
[Date "2023.02.07"]
[Round "7"]
[White "Grigorov, Grigor"]
[Black "Makarian, Rudik"]
[Result "1-0"]
[WhiteElo "2510"]
[BlackElo "2562"]
[PlyCount "95"]
[EventDate "2023.02.07"]
[EventType "swiss (blitz)"]
[EventRounds "11"]
[EventCountry "USA"]
[SourceTitle "EXT 2024"]
[Source "ChessBase"]
[SourceDate "2023.10.10"]
[SourceVersion "1"]
[SourceVersionDate "2023.10.10"]
[SourceQuality "1"]

1. d4 Nf6 2. Nf3 c5 3. d5 b5 4. Bg5 g6 5. Bxf6 exf6 6. e4 b4 7. Bd3 Bg7 8. Nbd2 0-0 9. 0-0 d6 10. Nc4 Qc7 11. h3 Nd7 12. a3 a5 13. axb4 cxb4 14. Nd4 f5 15. Nb5 Qc5 16. Nbxd6 fxe4 17. Bxe4 Ne5 18. Nxe5 Bxe5 19. Nxc8 Bxb2 20. Ra2 Bc3 21. d6 Raxc8 22. d7 Rcd8 23. Qd3 Kg7 24. Rd1 f5 25. Bb7 Rf7 26. Bc8 Re7 27. g3 h5 28. Qd5 Qxd5 29. Rxd5 Re2 30. Raxa5 b3 31. cxb3 Bxa5 32. Rxa5 Rb2 33. Rb5 Kf6 34. h4 Ke7 35. Rb6 Rg8 36. Kg2 Kd8 37. Kf3 Rc2 38. b4 Kc7 39. Re6 Kd8 40. b5 Rb2 41. b6 g5 42. hxg5 Rb4 43. Ke3 h4 44. gxh4 Rxh4 45. f4 Rh3+ 46. Kd4 Rb3 47. b7 Rf8 48. g6 1-0